000 00310nam a22001331a 4500
020 _a9789378313257
082 _a910
_bQUR/P
100 _aQureshi M H
245 _aParadigm shift in geography/
_cby Qureshi M H
260 _aNew Delhi:
_bManak,
_c2013.
300 _a352p.
650 _aGeography
942 _cBK
999 _c33423
_d33423